| 000 | 01745nam0a2200361 4500 | ||
|---|---|---|---|
| 001 | RU\NLR\BIBL_A\010005412 | ||
| 005 | 201407021412 | ||
| 010 |
_a978-5-906013-83-5 _9100 |
||
| 021 |
_aRU _b2013-80001 _95525 |
||
| 035 | _a(NLR Aleph) 010005412 | ||
| 035 | _a(NILC)RuMoRGB-006677176 | ||
| 090 |
_a9821918 _c9821918 |
||
| 100 | _a20131119d2013 km y0rusy50 ca | ||
| 101 | 0 | _arus | |
| 102 | _aRU | ||
| 105 | _aa|||j||||00yy | ||
| 200 | 1 |
_aОсновы медицинских знаний _eучебно-методическое пособие _fФедеральное гос. бюджетное образовательное учреждение высш. проф. образования "Вятский гос. гуманитарный ун-т" _g[сост.: Г. А. Попова, к.б.н., доц. и др.] |
|
| 210 |
_aКиров _cРадуга-Пресс _d2013 |
||
| 215 |
_a167 с. _cил. _d20 |
||
| 320 | _aБиблиогр. в конце тем | ||
| 606 | 1 |
_aМедицина _jУчебно-методические пособия для высших учебных заведений _2nlr_sh1 _2nlr_sh2 _3RU\NLR\AUTH\662895 |
|
| 675 | _a61(075.8) | ||
| 686 | 1 | _aР.я73-1 | |
| 702 | 1 |
_aПопова _bГ. А. _cканд. биол. наук, безопасность жизнедеятельности _gГалина Александровна _3RU\NLR\AUTH\770134710 |
|
| 712 | 0 | 2 |
_aВятский государственный гуманитарный университет _cКиров _3RU\NLR\AUTH\8810041433 _4570 |
| 801 | 0 |
_aRU _bRuMoRKP _c20131003 _gRCR |
|
| 801 | 1 |
_aRU _bRuMoRKP _c20131003 _2rusmarc |
|
| 801 | 2 |
_aRU _bРГБ _c20131029 _grcr |
|
| 942 | _cBOOK | ||
| 980 | _aNBR | ||
| 980 | _aNB | ||